Raj : (Record no. 589634)

000 -LEADER
fixed length control field 00717pam a2200265 a 4500
001 - CONTROL NUMBER
control field 1494682
003 - CONTROL NUMBER IDENTIFIER
control field NUST
005 - DATE AND TIME OF LATEST TRANSACTION
control field 20220511144325.0
008 - FIXED-LENGTH DATA ELEMENTS--GENERAL INFORMATION
fixed length control field 881125s1989 nyu 000 1 eng
010 ## - LIBRARY OF CONGRESS CONTROL NUMBER
LC control number 88038504
020 ## - INTERNATIONAL STANDARD BOOK NUMBER
International Standard Book Number 0671432486 :
Terms of availability $19.95
038 ## - RECORD CONTENT LICENSOR
Staff Name Arshad
040 ## - CATALOGING SOURCE
Original cataloging agency DLC
Transcribing agency DLC
Modifying agency DLC
043 ## - GEOGRAPHIC AREA CODE
Geographic area code a-ii---
050 00 - LIBRARY OF CONGRESS CALL NUMBER
Classification number PS3563.E344
Item number R3 1989
082 00 - DEWEY DECIMAL CLASSIFICATION NUMBER
Classification number 813.54
Author Mark MEH
100 1# - MAIN ENTRY--PERSONAL NAME
Personal name Mehta, Gita.
9 (RLIN) 82919
245 10 - TITLE STATEMENT
Title Raj :
Remainder of title a novel /
Statement of responsibility, etc. Gita Mehta.
260 ## - PUBLICATION, DISTRIBUTION, ETC.
Place of publication, distribution, etc. New York :
Name of publisher, distributor, etc. Simon and Schuster,
Date of publication, distribution, etc. 1989.
300 ## - PHYSICAL DESCRIPTION
Extent 479 p. ;
Dimensions 25 cm.
563 ## - BINDING INFORMATION
Binding note PBK
651 #0 - SUBJECT ADDED ENTRY--GEOGRAPHIC NAME
Geographic name India
General subdivision History
Chronological subdivision 20th century
General subdivision Fiction.
9 (RLIN) 91515
906 ## - LOCAL DATA ELEMENT F, LDF (RLIN)
a 7
b cbc
c orignew
d 1
e ocip
f 19
g y-gencatlg
942 ## - ADDED ENTRY ELEMENTS (KOHA)
Source of classification or shelving scheme
Koha item type Book
Holdings
Withdrawn status Lost status Source of classification or shelving scheme Damaged status Not for loan Permanent Location Current Location Shelving location Date acquired Total Checkouts Full call number Barcode Date last seen Price effective from Koha item type
          Central Library (CL) Central Library (CL) Fiction 05/11/2022   813.54 MEH CL3230 05/11/2022 05/11/2022 Book
© 2023 Central Library, National University of Sciences and Technology. All Rights Reserved.